1382 1848 1580 1399 1574 1638 1850 1567 1060 1514 1701 1545 1302 1962 1974 1315 1441 1908 1663 1147 1391 1588 1023 1247 1972 2000 1353 1239 1859 1509 1342 1188 1988 1804 1402 1888 1737 1034 1631 1844 1042 1275 1388 1050 1717 1079 1384 1842 1363 1023 1597 1559 1387 1094 1876 1621 1783 1314 1411 1417 1924 1186 1764 1680 1674 1893 1614 1605 1046 1019 1639 1841 1537 1591 1518 1076 1505 1750 1291 1396 1133 1235 1740 1749 1540 1708 1408 1599 1703 1894 1198 1663 1232 1973 1843 1488 1658 1724 1562 BCNSPRNW ULIB Ver.6.0+V

เปลี่ยนเป็นภาษาไทย

Change to English
 แสดงรายละเอียดบรรณานุกรม
  กลับหน้าหลัก

Brief Record : Get Marc (ISO 2709) : E-mail record : QR code < ปิดหน้าต่าง
LEADER : 00000nam 2200000uu 4500
001    13399121749
003     ULIB
008    121204s2547||||th 000 0 tha d
060 04 ^aWC503^bร247ด
245 00 ^aรายงานการสังเคราะห์องค์ความรู้จากการประชุมนานาชาติเรื่องโรคเอดส์ครั้งที่15 :^bด้านระบาดวิทยาและการป้องกัน /^cธนรักษ์ ผลิพัฒน์ ... [และคณะ] ; จัดทำโดย สำนักโรคเอดส์ วัณโรค และโรคติดต่อทางเพศสัมพันธ์ กรมควบคุมโรค กระทรวงสาธารณสุข
246 30 ^aการสังเคราะห์องค์ความรู้จากการประชุมนานาชาชาติเรื่องโรคเอดส์ครั้งที่ 15 :^bด้านระบาดวิทยาและการป้องกัน
250    ^aพิมพ์ครั้งที่ 1
260    ^aนนทบุรี :^bสำนักโรคเอดส์ วัณโรค และโรคติดต่อทางเพศสัมพันธ์,^c2547
300    ^aก-ง, 17 หน้า :^bภาพประกอบ ;^c30 ซม.
650  2 ^aAcquired Immunodeficiency Syndrome^xprevention & control^vCongreses
650  7 ^aกลุ่มอาการภูมิคุ้มกันเสื่อม^xการป้องกันและควบคุม^xการประชุม
650  7 ^aระบาดวิทยา
650  7 ^aโรคเอดส์^xการป้องกันและควบคุม
700 0  ^aธนรักษ์ ผลิพัฒน์
710 2  ^aกรมควบคุมโรค. ^bสำนักโรคเอดส์ วัณโรคและโรคติดต่อทางเพศสัมพันธ์
711 2  ^aการประชุมนานาชาติเรื่องโรคเอดส์^n(ครั้งที่ 15 :^d2547 :^cนนทบุรี)
945    ^p0^l0^i24334
995    ^aทศพร
999    ^aทศพร
รายการนี้ยังไม่มีแท็ก
คุณยังไม่ได้ล็อกอิน คุณสามารถมีกิจกรรมร่วมกับเว็บไซต์ได้ แต่ต้องล็อกอินก่อน ::
  ล็อกอิน

รายการสื่อสารสนเทศ

ลำดับที่ ประเภท เลขเรียก/บาร์โค้ด สถานที่ สถานะ
1. วิทยาศาสตร์การแพทย์ และสุขภาพ
วิทยาศาสตร์การแพทย์ และสุขภาพ
WC503 ร247ด ฉ.1 
  Barcode: 24334
ห้องสมุดวิทยาเขตสวรรค์ประชารักษ์
►หนังสือทั่วไป
บนชั้น

รายการใกล้เคียง
    หัวเรื่อง [ระบาดวิทยา]

BibComment


ยังไม่เคยถูกคอมเมนท์

คอมเมนท์ทรัพยากรรายการนี้
  คอมเมนท์: รายงานการสังเครา..


 Copyright 2026. Bcnsprnw @Library